000 01194nam a22003377a 4500
003 CHAP
005 20220329135307.0
008 971013s1972 r 00010 d
010 _a33918
011 _a34890
035 _a39006
040 _cCHAP
090 _aTesis
100 0 0 _aMena Sáenz, Marcelo Guadalupe.
_974538
245 _aComportamiento de dos variedades de centeno (Secale cereale) para grano en cinco épocas de siembra en General Escobedo, N.L.
260 _aMonterrey, N.L. :
_bEl autor,
_c1972
300 _a45 h.
_b; gráfs
502 _aTesis (Ing. Agrónomo) -- Univ. Autónoma de Nuevo León. Fac. de Agronomía
590 _aALEPH
_b10
_c20130110
_lUCH01
_h1259
590 _aBATCH-UPD
_b10
_c20130110
_lUCH01
_h0301
590 _aBATCH-UPD
_b10
_c20130110
_lUCH01
_h2151
590 _aBATCH-UPD
_b10
_c20130410
_lUCH01
_h1459
590 _aBATCH-UPD
_b10
_c20130914
_lUCH01
_h0908
590 _aCONVERSION
_b10
_c20130109
_lUCH01
_h1319
650 1 4 _aCenteno
_xEfecto del medio ambiente.
_920996
650 1 4 _aCenteno
_xFechas de siembra.
_920998
650 1 4 _aCenteno
_xRendimiento.
_921005
901 _aBK
942 _cTESIS
949 _bBC
_cTES
_d-89134
_eTS1
_i39006
_si
999 _c33918
_d33918